000 00821cab a2200265 4500
001 WB3432-02
008 090401t1998 xxu||||| |||| 00| 0 eng d
035 _a(Sirsi) u88060
041 _aeng
245 _aFreehold snubbed
260 _c1998
350 _a0
490 _aProperty Week
_v63(17) 14 August 1998, 15(1)
520 _aAuctioneers claim that the Housing Act 1996 is having a limited impact on the auctions market as occupiers fail to take advantage of the right to buy the freeholds of their homes.
650 _aAUCTIONS MARKET
650 _aBLOCKS OF FLATS
650 _aFREEHOLD
650 _aHOUSING ACT 1996
650 _aPROPERTY-LEASEHOLD PROPERTY
650 _aAuctioneering
_96218
650 _aRIGHT TO BUY
690 _aAuctioneering
_96218
942 _n0
948 _c19/08/1998
999 _c55612
_d55612